| 000 | 01050nam a22001577a 4500 | ||
|---|---|---|---|
| 008 | 110701t xxu||||| |||| 00| 0 eng d | ||
| 010 | _aHCCC F-126 | ||
| 245 | _aThe High Court Companies Cause No. 2 of 1978 in the Matter of Rwakayti Ranchers Limited Vs Registrar of Companies | ||
| 260 | _c1978 | ||
| 500 | _aBefore: The Honourable Mr. Justice M. A.A. Khan | ||
| 500 | _aPresent: Mr. Tibamanya for the applicant . Mr. Nicholas Lwanga for the Registrar of Companies. None for the inspector Mr. Kayondo, though served. Mr. Ogwal and Mr. Kayondo have appeared and are present. | ||
| 999 |
_c4392 _d4392 |
||